000 00534nam a2200169 i 4500
001 135425
003 ES-MaACL
005 20230906194900.0
007 t|
008 070717s1971 sp ||||1| spa d
100 1 _aToro Garland, Fernando de.
_9110688
245 1 3 _aLa angustia infinita /
_cFernando de Toro Garland ; ilustraciones de Manuel Manzorro.
260 _a[Barcelona] :
_bFuente del Maestre,
_c[1971]
300 _a94 p. :
_bil. ;
_c18 cm.
700 1 _aManzorro, Manuel.
_976241
852 _aES-MaACL
_jC-52738
_bR.82119
999 _c135425
_d135425